| 000 | 01119nem0a2200301 4500 | ||
|---|---|---|---|
| 001 | RU\NLR\cart\6296 | ||
| 005 | 20250617204551.0 | ||
| 010 | _a585576109-6 | ||
| 035 | _a(NLR Aleph) 004276401 | ||
| 090 |
_a2316864 _c2316864 |
||
| 100 | _a20101005d2003 |||y0rusy50 ca | ||
| 101 | 0 | _arus | |
| 102 | _aRU | ||
| 120 | _abyy xx|| | ||
| 123 | 3 |
_aa _b85 000 000 _b40 000 |
|
| 200 | 1 |
_aИстория средних веков _bКарты _eатлас _fСост. и подгот. к изд. ФГУП ПКО "Картография" _gГл. ред.: Г. В. Поздняк |
|
| 206 | _aМ-бы разные | ||
| 210 |
_aМосква _cПросвещение _d2003 |
||
| 215 |
_a1 атл. (16 с.) _cЦв., ил. _d26х20 см _eКонтур. карты (11 с.) |
||
| 509 | 0 | 1 |
_7ca _aМир _92633185 _3RU\NLR\auth_crt\551 |
| 606 | 0 |
_aИстории средних веков атласы _92178394 _3RU\NLR\auth_crt\66300 |
|
| 620 | _aРоссия | ||
| 702 | 1 |
_aПоздняк _bГ. В. _4340 |
|
| 801 | 0 |
_aRU _bNLR _c20101005 _gPSBO |
|
| 852 |
_aNLR _bК _j4-Мир 6/3753 _m03-145 |
||
| 942 | _cMAP | ||
| 980 | _aNB | ||